000 01019nam a22002537a 4500
005 20170124103001.0
010 _aA-649706
020 _c80.00
035 _aA-649706
037 _bCen Lib/Ret
040 _aDPL
_bHN
082 _a
_bहेयर
100 _aहेयर, मंजीत
_954845
245 _aमंजिलें /
_cमंजीत हेयर
246 _aManzilein /
_bby Manjeet Heyar
260 _aदिल्ली
_bअभिव्यंजना
_c1993
270 _aबीo 70/72, डीo एसo आईo डीo सीo काम्प्लेक्स, लारेंस रोड
_bदिल्ली
_e110035
300 _a163पृ.
_c18सेमी (सजिल्द)
650 _a हिन्दी साहित्य
_954846
650 _a हिन्दी साहित्य -- उपन्यास
_946379
650 _aHindi literature
_954847
650 _aHindi literature -- Fiction
_954848
942 _2ddc
_cHN
_h
_mहेयर
999 _c114010
_d114010